01736nam a2200421 a 4500001001000000003000500010005001700015008004100032010001100073011001100084040000900095090001000104100003200114245015800146260004100304500006000345502006900405590003700474590004100511590004100552590004000593590004000633650003300673650003600706650003400742650003400776650002600810650003200836700004200868856001600910856007000926901000700996942001001003942000601013999001901019952014001038952013601178000111971CHAP20220329144239.0151111s2015 mx a fsm |||||||spa d a108432 a109404 cCHAP aTesis1 aBlas García, Hugo913002310aTablas de producción forestal para tres especies tropicales en la costa de Oaxaca /h[En línea]cpor Hugo Blas García y Julio Cesar Vicente Arbona. aChapingo, Méx. :bEl autor,c2015. aPara ver el contenido del material haga clic en la liga aTesis (Ing. Forestal) -- UACH. División de Ciencias Forestales aBATCHb00c20181121lUCH01h0759 aE11695DGDb10c20151114lUCH01h1022 aE11695DGDb10c20151114lUCH01h1023 aE6096MTMb05c20151111lUCH01h1311 aE6096MTMb05c20151111lUCH01h131414aÁrboles tropicales.98244814aÁrbolesxPropagación.9663714aÁrbolesxVariedades.98244114aPlantación forestal.98878414aSilvicultura.910610914aViveros forestales.91201001 aVicente Arbona, Julio César9130024 a1 n0000975 aFinding aiduhttp://10.13.5.2/tesis/sist111971.pdfzTeclea aquí aBK cTESIS n0 c108432d108432 00102local4053708TESISaBCbBCcPA_TESISd2015-11-11fTESISl0oTesisp33724002509173r2019-12-31 00:00:00tc.2w2019-12-31yTESIS 00104054718TESISaBCbBCd2015-11-11fTESISl0oTesisp33724002509215r2019-12-31 00:00:00w2019-12-31yTESISzRecien adquirido